000 00633nam a22001695i 4500
001 157965
003 ES-MaACL
005 20230906210923.0
008 940301m1856 gw |||| | eng d
040 _aAS
_bspa
100 1 _aLongfellow, Henry Wadsworth.
_973236
245 1 4 _aThe poetical works of Henry W. Longfellow.
260 _aLeipzig :
_bBernhard Tauchnitz,
_c1856.
300 _av. ;
_c16 cm.
752 _aAlemania -
_d, Leipzig
852 _aES-MaACL
_jG-11818
_z-- Enc. hol.
_z-- 2 t. en 1 v.
_x-- Edic.: 2 v. (399 p., [1] h. de lám.; 322 p.) - En las antep. consta la serie: (Collection of british authors; 347; 348)
999 _c157965
_d157965